[Event "Gothenburg op"]
[Site "Gothenburg"]
[Date "2017.08.19"]
[Round "5"]
[White "Andreasson, Vincent"]
[Black "Akesson, Joel"]
[Result "1/2-1/2"]
[WhiteElo "2006"]
[BlackElo "2296"]
[PlyCount "82"]
[EventDate "2017.08.18"]
[EventType "swiss"]
[EventRounds "8"]
[EventCountry "SWE"]
[SourceTitle "CBM 180 Extra"]
[Source "ChessBase"]
[SourceDate "2017.10.06"]
[SourceVersion "1"]
[SourceVersionDate "2017.10.06"]
[SourceQuality "1"]

1. d4 e6 2. g3 f5 3. Bg2 Nf6 4. Nh3 Be7 5. c4 0-0 6. Nc3 d5 7. cxd5 exd5 8. 0-0 c6 9. Nf4 Qe8 10. h4 Nh5 11. Bf3 Nxf4 12. Bxf4 Nd7 13. Rb1 a5 14. a3 h6 15. h5 Nf6 16. Be5 Ng4 17. Bxg4 fxg4 18. e4 dxe4 19. Qb3+ Kh8 20. Nxe4 Qxh5 21. Rbe1 Qg6 22. Re3 b5 23. Rfe1 Be6 24. Qd3 Bc4 25. Qb1 Bd5 26. Nc3 Qxb1 27. Rxb1 Bg5 28. Nxd5 cxd5 29. Rc3 Rfc8 30. Rc5 Rxc5 31. dxc5 Bf6 32. Bxf6 gxf6 33. Rd1 Rd8 34. Rd4 h5 35. c6 a4 36. c7 Rc8 37. Rxd5 Rxc7 38. Rxh5+ Kg7 39. Rxb5 Rc1+ 40. Kg2 Rc2 41. Rb4 f5 1/2-1/2

[Event "SWE Cup"]
[Site "Linkoping"]
[Date "2016.09.10"]
[Round "5.2"]
[White "Johansson, David R"]
[Black "Andreasson, Vincent"]
[Result "1/2-1/2"]
[WhiteElo "2106"]
[BlackElo "1972"]
[PlyCount "128"]
[EventDate "2016.09.09"]
[EventType "team-k.o."]
[EventRounds "7"]
[EventCountry "SWE"]
[SourceTitle "CBM 174 Extra"]
[Source "ChessBase"]
[SourceDate "2016.10.10"]
[SourceVersion "1"]
[SourceVersionDate "2016.10.10"]
[SourceQuality "1"]
[WhiteTeam "Umea Rockaden"]
[BlackTeam "Manhem"]
[WhiteTeamCountry "SWE"]
[BlackTeamCountry "SWE"]

1. e4 c5 2. c3 Nf6 3. e5 Nd5 4. Bc4 Nb6 5. Bb3 d5 6. exd6 Qxd6 7. Nf3 Be6 8. d4 Bxb3 9. Qxb3 Nc6 10. Na3 cxd4 11. Nb5 Qd8 12. Bf4 Rc8 13. Rd1 Nd5 14. Bg3 e6 15. Nbxd4 Qb6 16. Qxb6 Nxb6 17. Nb5 f6 18. Bd6 Be7 19. Nfd4 Nxd4 20. Rxd4 a6 21. Bxe7 Kxe7 22. Nd6 Rc7 23. Ne4 Rd8 24. Rxd8 Kxd8 25. Kd1 h6 26. Kc2 Ke7 27. Rd1 f5 28. Nd2 Rd7 29. b3 e5 30. a4 a5 31. h4 Ke6 32. Ra1 e4 33. Re1 Nd5 34. g4 Nf6 35. f3 fxg4 36. Nxe4 Kf5 37. Nc5 Rc7 38. Ne6 Rf7 39. fxg4+ Kxg4 40. Rg1+ Kxh4 41. Nxg7 Ng4 42. Ne6 Rf2+ 43. Kd3 Rf3+ 44. Kc4 Kh3 45. Nd4 Rf2 46. Kb5 h5 47. b4 h4 48. bxa5 Rb2+ 49. Kc5 Nf2 50. Rg7 Ne4+ 51. Kc4 Nd6+ 52. Kd5 Ne8 53. Rg6 Rg2 54. Rb6 Rg7 55. Ne6 Nc7+ 56. Nxc7 Rxc7 57. c4 Kg2 58. Rg6+ Kh2 59. a6 bxa6 60. Rxa6 Rg7 61. c5 h3 62. Rh6 Kg2 63. c6 Ra7 64. Kd6 h2 1/2-1/2